[Event "Reykjavik op"]
[Site "Reykjavik"]
[Date "2024.03.20"]
[Round "8"]
[White "Hill, Alistair"]
[Black "Anishka, Vikram"]
[Result "0-1"]
[WhiteElo "2187"]
[BlackElo "1995"]
[PlyCount "116"]
[EventDate "2024.03.15"]
[EventType "swiss"]
[EventRounds "9"]
[EventCountry "ISL"]
[SourceTitle "CB13_2024"]
[SourceDate "2024.03.27"]
[SourceVersion "1"]
[SourceVersionDate "2024.03.27"]
[SourceQuality "1"]

1. e4 c5 2. Nf3 d6 3. d4 cxd4 4. Nxd4 Nf6 5. Nc3 g6 6. Be3 Bg7 7. f3 0-0 8. Qd2 Nc6 9. g4 Be6 10. Nxe6 fxe6 11. 0-0-0 Qc8 12. Be2 Ne5 13. Rhe1 Nfd7 14. f4 Nc4 15. Bxc4 Qxc4 16. e5 Rad8 17. exd6 exd6 18. Qd3 Qxd3 19. Rxd3 Nf6 20. h3 b6 21. Bd2 e5 22. Nb5 exf4 23. Bxf4 Nxg4 24. Rxd6 Nf6 25. Bg5 Rxd6 26. Nxd6 h6 27. Bd2 h5 28. a4 Nd5 29. b3 Nf4 30. Rh1 Nxh3 31. Nb5 Nf2 32. Rg1 Kh7 33. Nxa7 h4 34. Be1 h3 35. Bxf2 Rxf2 36. Rg3 h2 37. Rh3+ Kg8 38. Nc8 Bd4 39. c3 Bxc3 40. Nxb6 Bd4 41. Nd5 Rf1+ 42. Kc2 h1Q 43. Rxh1 Rxh1 44. Kd3 Ba7 45. b4 Kf7 46. a5 Ke6 47. Nc7+ Kd7 48. Nb5 Bb8 49. Nc3 Kc6 50. Kc4 Rh4+ 51. Kb3 Rh3 52. Kc4 Rh4+ 53. Kb3 g5 54. b5+ Kc5 55. b6 Rh3 56. Kc2 g4 57. Nd5 Kxd5 58. a6 Ra3 0-1

[Event "Reykjavik op"]
[Site "Reykjavik"]
[Date "2024.03.16"]
[Round "2"]
[White "Hill, Alistair"]
[Black "Mammadzada, Gunay Vuqar Qizi"]
[Result "0-1"]
[WhiteElo "2187"]
[BlackElo "2449"]
[PlyCount "96"]
[EventDate "2024.03.15"]
[EventType "swiss"]
[EventRounds "9"]
[EventCountry "ISL"]
[SourceTitle "CB13_2024"]
[SourceDate "2024.03.27"]
[SourceVersion "1"]
[SourceVersionDate "2024.03.27"]
[SourceQuality "1"]

1. e4 c5 2. Nf3 d6 3. d4 cxd4 4. Nxd4 Nf6 5. Nc3 a6 6. Rg1 h5 7. Be3 e5 8. Nf3 Qc7 9. Qd2 Be7 10. 0-0-0 b5 11. Ng5 Bb7 12. Kb1 Nbd7 13. f3 Nb6 14. Qf2 Nc4 15. Bxc4 Qxc4 16. Rd3 a5 17. Bc1 b4 18. Nd1 Nd7 19. Nh3 Nc5 20. Rd2 g6 21. Ne3 Qb5 22. Nd5 Bd8 23. Rgd1 Rc8 24. Qe2 Qxe2 25. Rxe2 Ba6 26. Ree1 f6 27. Be3 Kf7 28. Nf2 Ke6 29. Nd3 Nd7 30. Nc1 Rb8 31. Rd2 Bb7 32. Red1 Bxd5 33. Rxd5 Bc7 34. Nb3 Ra8 35. Nd2 Ra6 36. Nc4 Rb8 37. Bd2 a4 38. b3 f5 39. Nb2 axb3 40. cxb3 fxe4 41. fxe4 Nf6 42. Rc1 Nxd5 43. exd5+ Kd7 44. Rf1 Ra5 45. Rf7+ Kc8 46. Be3 Rxd5 47. Nc4 Rd3 48. Ba7 Rb7 0-1

[Event "Kingston-B 2nd"]
[Site "Kingston Upon Thames"]
[Date "2023.07.25"]
[Round "2"]
[White "Hill, Alistair"]
[Black "Seymour, Timothy P"]
[Result "1/2-1/2"]
[WhiteElo "2173"]
[BlackElo "2086"]
[PlyCount "51"]
[EventDate "2023.07.24"]
[EventType "tourn"]
[EventRounds "9"]
[EventCountry "ENG"]
[SourceTitle "CBM 215 Extra"]
[Source "ChessBase"]
[SourceDate "2023.09.30"]
[SourceVersion "1"]
[SourceVersionDate "2023.09.30"]
[SourceQuality "1"]

1. c4 e6 2. g3 d5 3. Bg2 Nf6 4. Nf3 dxc4 5. 0-0 a6 6. Qc2 c5 7. Ne5 Ra7 8. a4 b6 9. Qxc4 Bb7 10. Bxb7 Rxb7 11. b3 Bd6 12. Bb2 Qc7 13. Ng4 Nxg4 14. Qxg4 Be5 15. Bxe5 Qxe5 16. Na3 b5 17. axb5 axb5 18. e3 0-0 19. Qe2 Nc6 20. Nxb5 Rfb8 21. Qf3 Rxb5 22. Qxc6 R5b6 23. Qd7 R6b7 24. Qc6 Rb6 25. Qd7 R6b7 26. Qc6 1/2-1/2

[Event "BCF-chT 2223 (4NCL)"]
[Site "England"]
[Date "2023.05.01"]
[Round "11.4"]
[White "Keetman, Maaike"]
[Black "Hill, Alistair"]
[Result "1-0"]
[WhiteElo "2129"]
[BlackElo "2173"]
[PlyCount "145"]
[EventDate "2022.10.22"]
[EventType "team-swiss"]
[EventRounds "11"]
[EventCountry "ENG"]
[SourceTitle "EXT 2024"]
[Source "ChessBase"]
[SourceDate "2023.10.10"]
[SourceVersion "1"]
[SourceVersionDate "2023.10.10"]
[SourceQuality "1"]
[WhiteTeam "Chessable White Rose II"]
[BlackTeam "Cambridge University"]
[WhiteTeamCountry "ENG"]
[BlackTeamCountry "ENG"]

1. e4 c6 2. Nc3 d5 3. Nf3 Bg4 4. h3 Bxf3 5. Qxf3 e6 6. g3 d4 7. Nb1 Nd7 8. d3 h5 9. Bg2 h4 10. g4 Be7 11. Qe2 e5 12. f4 exf4 13. Bxf4 Bg5 14. 0-0 Bxf4 15. Rxf4 Ne5 16. Nd2 Ne7 17. g5 N7g6 18. Rf5 Qc7 19. Nf3 0-0-0 20. Rf1 Rd7 21. Qf2 Nxf3+ 22. Bxf3 Ne5 23. Rxe5 Qxe5 24. Bg4 Qxg5 25. Qxf7 Rhd8 26. Qf4 Qe7 27. Bxd7+ Rxd7 28. Qf8+ Kc7 29. Qxe7 Rxe7 30. Rf5 Kd6 31. Rg5 Rf7 32. Kg2 b5 33. Rg4 c5 34. Rxh4 c4 35. Rh5 cxd3 36. cxd3 a6 37. Rd5+ Ke6 38. Rxd4 Rc7 39. Rb4 Rc2+ 40. Kf3 Rh2 41. Kg3 Re2 42. Kf3 Rh2 43. Kg4 Ke5 44. a4 bxa4 45. Rxa4 Rxb2 46. Rxa6 Rg2+ 47. Kf3 Rh2 48. Ra5+ Ke6 49. Rh5 Rh1 50. Ke3 Ra1 51. Rg5 Kf6 52. Rg3 g5 53. Rf3+ Ke6 54. h4 gxh4 55. Rh3 Ra3 56. Rxh4 Kd6 57. Rh6+ Ke5 58. Rh5+ Ke6 59. Rb5 Kd6 60. Rh5 Ke6 61. Rg5 Rb3 62. Ra5 Kd6 63. e5+ Ke6 64. Ke4 Rb1 65. Ra6+ Ke7 66. d4 Rb4 67. e6 Rb1 68. Ke5 Re1+ 69. Kd5 Kf6 70. Ra8 Re2 71. Rf8+ Ke7 72. Rf7+ Ke8 73. Ra7 1-0

[Event "Basel Easter op"]
[Site "Basel"]
[Date "2023.04.08"]
[Round "5"]
[White "Hill, Alistair"]
[Black "Gemelli, Romain"]
[Result "1/2-1/2"]
[WhiteElo "2171"]
[BlackElo "2187"]
[PlyCount "53"]
[EventDate "2023.04.06"]
[EventType "swiss"]
[EventRounds "9"]
[EventCountry "SUI"]
[SourceTitle "CBM 213 Extra"]
[Source "ChessBase"]
[SourceDate "2023.05.31"]
[SourceVersion "1"]
[SourceVersionDate "2023.05.31"]
[SourceQuality "1"]

1. e4 c5 2. Nf3 Nc6 3. Bb5 d6 4. 0-0 Bd7 5. Re1 a6 6. Bxc6 Bxc6 7. d4 cxd4 8. Nxd4 Bd7 9. c4 g6 10. b3 Bg7 11. Bb2 Nf6 12. Nc3 0-0 13. a4 Rc8 14. h3 Re8 15. Re2 Bc6 16. Rb1 Qb6 17. Ba1 Nd7 18. Nf3 Qb4 19. Na2 Qc5 20. Bxg7 Kxg7 21. Qd4+ Kg8 22. Nc3 Ne5 23. Qxc5 Nxf3+ 24. gxf3 dxc5 25. Rd2 e6 26. Rbd1 Kf8 27. Kh2 1/2-1/2

[Event "BCF-chT 2223 (4NCL)"]
[Site "England"]
[Date "2023.03.19"]
[Round "8.4"]
[White "Hill, Alistair"]
[Black "Freeman, Gordon"]
[Result "1-0"]
[WhiteElo "2173"]
[BlackElo "2102"]
[PlyCount "51"]
[EventDate "2022.10.22"]
[EventType "team-swiss"]
[EventRounds "11"]
[EventCountry "ENG"]
[SourceTitle "CBM 213 Extra"]
[Source "ChessBase"]
[SourceDate "2023.05.31"]
[SourceVersion "1"]
[SourceVersionDate "2023.05.31"]
[SourceQuality "1"]
[WhiteTeam "Cambridge University"]
[BlackTeam "Gonzaga"]
[WhiteTeamCountry "ENG"]
[BlackTeamCountry "ENG"]

1. e4 c5 2. Nf3 d6 3. d4 cxd4 4. Nxd4 Nf6 5. Nc3 e6 6. g4 h6 7. Rg1 Nc6 8. Be3 a6 9. Nxc6 bxc6 10. Qf3 Rb8 11. 0-0-0 Qa5 12. Bc4 d5 13. Bb3 Bb4 14. Bd4 Be7 15. exd5 cxd5 16. h4 Bb7 17. Qe3 Bc6 18. g5 hxg5 19. hxg5 Ne4 20. Nxe4 dxe4 21. Bxg7 Rg8 22. Bf6 Bc5 23. Qf4 Qb6 24. g6 fxg6 25. Bxe6 Bxf2 26. Qe5 1-0

[Event "BCF-chT 2223 (4NCL)"]
[Site "England"]
[Date "2023.03.18"]
[Round "7.4"]
[White "MacFarlane, Donald"]
[Black "Hill, Alistair"]
[Result "1-0"]
[WhiteElo "2187"]
[BlackElo "2173"]
[PlyCount "55"]
[EventDate "2022.10.22"]
[EventType "team-swiss"]
[EventRounds "11"]
[EventCountry "ENG"]
[SourceTitle "CBM 213 Extra"]
[Source "ChessBase"]
[SourceDate "2023.05.31"]
[SourceVersion "1"]
[SourceVersionDate "2023.05.31"]
[SourceQuality "1"]
[WhiteTeam "West is Best"]
[BlackTeam "Cambridge University"]
[WhiteTeamCountry "ENG"]
[BlackTeamCountry "ENG"]

1. c4 Nf6 2. Nf3 c5 3. d4 cxd4 4. Nxd4 e6 5. Nc3 d5 6. Nc2 Nc6 7. cxd5 exd5 8. e3 Bc5 9. Be2 0-0 10. 0-0 Bf5 11. Nb5 Rc8 12. Ncd4 Be4 13. b3 Nxd4 14. Nxd4 Bd6 15. Bb2 Bb8 16. Rc1 Qd6 17. g3 Qd7 18. f3 Bg6 19. Bd3 a6 20. Qd2 Qh3 21. Rxc8 Rxc8 22. Rc1 Rxc1+ 23. Bxc1 Nd7 24. Bf1 Qh5 25. Qb4 Qe5 26. Qxb7 Nf8 27. Nc6 Qc7 28. Qxb8 1-0

[Event "London Mindsports IM-B"]
[Site "London"]
[Date "2023.02.18"]
[Round "7"]
[White "Hill, Alistair"]
[Black "Browning, Alex"]
[Result "0-1"]
[WhiteElo "2173"]
[BlackElo "2313"]
[PlyCount "82"]
[EventDate "2023.02.15"]
[EventType "tourn"]
[EventRounds "9"]
[EventCountry "ENG"]
[EventCategory "1"]
[SourceTitle "CBM 212 Extra"]
[Source "ChessBase"]
[SourceDate "2023.03.31"]
[SourceVersion "1"]
[SourceVersionDate "2023.03.31"]
[SourceQuality "1"]

1. d4 Nf6 2. c4 g6 3. Nc3 Bg7 4. e4 d6 5. f3 0-0 6. Nge2 a6 7. Be3 Nbd7 8. Qd2 b5 9. Nc1 c6 10. b3 bxc4 11. bxc4 c5 12. d5 Rb8 13. Bd3 Ne5 14. Rb1 Bd7 15. Rxb8 Qxb8 16. Nd1 Nh5 17. 0-0 f5 18. exf5 Nxd3 19. Nxd3 Bxf5 20. N1f2 Nf6 21. Re1 Re8 22. g4 Bd7 23. Nf4 Rf8 24. Kg2 Qe8 25. N2h3 h6 26. Bf2 g5 27. Ne6 Bxe6 28. Rxe6 Nd7 29. Bg3 Qf7 30. Qe3 Bf6 31. Nf2 Rb8 32. Ne4 Bd4 33. Qe1 Rb2+ 34. Nf2 Ne5 35. Qe4 Kg7 36. Kf1 Nxf3 37. Qf5 Qxf5 38. gxf5 Nxh2+ 39. Ke1 Nf3+ 40. Kf1 Bf6 41. Ne4 Nd2+ 0-1

[Event "BCF-chT 2223 (4NCL)"]
[Site "England"]
[Date "2023.02.11"]
[Round "5.5"]
[White "Pein, Jonathan"]
[Black "Hill, Alistair"]
[Result "1/2-1/2"]
[WhiteElo "2236"]
[BlackElo "2173"]
[PlyCount "115"]
[EventDate "2022.10.22"]
[EventType "team-swiss"]
[EventRounds "11"]
[EventCountry "ENG"]
[SourceTitle "CBM 213 Extra"]
[Source "ChessBase"]
[SourceDate "2023.05.31"]
[SourceVersion "1"]
[SourceVersionDate "2023.05.31"]
[SourceQuality "1"]
[WhiteTeam "Celtic Tigers"]
[BlackTeam "Cambridge University"]
[WhiteTeamCountry "ENG"]
[BlackTeamCountry "ENG"]

1. e4 c5 2. g3 Nc6 3. Bg2 Nf6 4. Ne2 d5 5. exd5 Nxd5 6. d4 cxd4 7. Nxd4 Ndb4 8. Nxc6 Qxd1+ 9. Kxd1 Nxc6 10. Be3 g6 11. Nc3 Bg7 12. Kc1 0-0 13. Bc5 Bf5 14. Re1 Rac8 15. Nd5 Rfe8 16. c3 e6 17. Nb4 Nxb4 18. Bxb4 b6 19. Bb7 Rc7 20. Ba6 Rd8 21. Rd1 Rcd7 22. Rxd7 Rxd7 23. Bb5 Rd5 24. Bc4 Rd8 25. Be7 Bh6+ 26. f4 Rd7 27. Bf6 Bg7 28. Bxg7 Kxg7 29. a4 a5 30. Be2 e5 31. fxe5 Rd5 32. b4 Rxe5 33. Kd2 Bd7 34. Bc4 g5 35. bxa5 Rxa5 36. Bb3 f5 37. c4 Kf6 38. Kc3 f4 39. Rf1 Ke5 40. gxf4+ gxf4 41. Re1+ Kf5 42. Re7 Bxa4 43. Bxa4 Rxa4 44. Rxh7 Ke4 45. Re7+ Kf3 46. Re6 Kg2 47. Rxb6 f3 48. Kd4 f2 49. Rf6 f1Q 50. Rxf1 Kxf1 51. Kd5 Kg2 52. c5 Kxh2 53. c6 Kg3 54. c7 Ra8 55. Kc6 Kf4 56. Kb7 Rh8 57. c8Q Rxc8 58. Kxc8 1/2-1/2

[Event "Hastings Weekend op"]
[Site "Hastings"]
[Date "2023.01.07"]
[Round "3"]
[White "Hill, Alistair"]
[Black "Wilson, Jaimie"]
[Result "1-0"]
[WhiteElo "2172"]
[BlackElo "2100"]
[PlyCount "107"]
[EventDate "2023.01.07"]
[EventType "swiss"]
[EventRounds "5"]
[EventCountry "ENG"]
[SourceTitle "CBM 212 Extra"]
[Source "ChessBase"]
[SourceDate "2023.03.31"]
[SourceVersion "1"]
[SourceVersionDate "2023.03.31"]
[SourceQuality "1"]

1. c4 e5 2. g3 Nf6 3. Bg2 d5 4. cxd5 Nxd5 5. Nf3 Nc6 6. 0-0 Be7 7. d4 exd4 8. Nxd4 Nxd4 9. Qxd4 Nf6 10. Qa4+ c6 11. Rd1 Qb6 12. Nd2 Be6 13. Nc4 Qc5 14. Na5 0-0 15. Nxb7 Qh5 16. Bf4 Qxe2 17. Rd2 Qh5 18. Re1 Nd5 19. Bd6 Bxd6 20. Nxd6 Ne7 21. Ne4 h6 22. Qa3 Ng6 23. Qe3 Ne5 24. Qf4 Ng6 25. Qd6 Ne5 26. b3 Bd5 27. Rxd5 cxd5 28. Nd2 Ng4 29. h4 Qf5 30. Nf3 Rae8 31. Rf1 Rd8 32. Qc5 Rc8 33. Qd4 Rfe8 34. Bh3 Re4 35. Qd3 Qf6 36. Qxd5 Rce8 37. Bg2 Re2 38. Qa5 Qb6 39. Qxb6 axb6 40. a4 Ne5 41. Nd4 Rd2 42. Nb5 Rb2 43. Bd5 Rd8 44. Rd1 Kh7 45. Be4+ g6 46. Rxd8 Rxb3 47. Rb8 Rb4 48. Bd5 Rxa4 49. Rxb6 Rb4 50. Rb7 Kg7 51. Kg2 Rb2 52. Nc3 Rc2 53. Ne4 h5 54. Ng5 1-0

[Event "South Wales op 17th"]
[Site "Bridgend"]
[Date "2022.07.11"]
[Round "7"]
[White "Camacho Collados, Jose"]
[Black "Hill, Alistair"]
[Result "1-0"]
[WhiteElo "2410"]
[BlackElo "2190"]
[PlyCount "81"]
[EventDate "2022.07.07"]
[EventType "swiss"]
[EventRounds "9"]
[EventCountry "WLS"]
[SourceTitle "CBM 209 Extra"]
[Source "ChessBase"]
[SourceDate "2022.09.30"]
[SourceVersion "1"]
[SourceVersionDate "2022.09.30"]
[SourceQuality "1"]

1. Nf3 Nf6 2. g3 g6 3. Bg2 Bg7 4. c4 c6 5. 0-0 0-0 6. Nc3 d5 7. cxd5 cxd5 8. d4 Ne4 9. Bf4 Nxc3 10. bxc3 Nc6 11. Nd2 b6 12. e4 dxe4 13. Nxe4 Bf5 14. Re1 Rc8 15. d5 Bxe4 16. Rxe4 Na5 17. Bg5 Re8 18. Qe2 Qxd5 19. Rxe7 Rxe7 20. Qxe7 Qc5 21. Rd1 Qxe7 22. Bxe7 Bxc3 23. Rd7 Nc6 24. Bg5 Kg7 25. Be3 Ne5 26. Rxa7 Ng4 27. Bxb6 Nf6 28. a4 h5 29. Rc7 Rxc7 30. Bxc7 Bd4 31. a5 Kf8 32. Bb6 Bxb6 33. axb6 Ke7 34. b7 Nd7 35. f4 Kd6 36. Kf2 f5 37. Ke3 Kc5 38. Bh1 Nb8 39. Bf3 Nd7 40. Bd1 Kb6 41. Ba4 1-0

[Event "South Wales op 17th"]
[Site "Bridgend"]
[Date "2022.07.10"]
[Round "6"]
[White "Hill, Alistair"]
[Black "Rudd, Jack"]
[Result "1-0"]
[WhiteElo "2190"]
[BlackElo "2331"]
[PlyCount "67"]
[EventDate "2022.07.07"]
[EventType "swiss"]
[EventRounds "9"]
[EventCountry "WLS"]
[SourceTitle "CBM 209 Extra"]
[Source "ChessBase"]
[SourceDate "2022.09.30"]
[SourceVersion "1"]
[SourceVersionDate "2022.09.30"]
[SourceQuality "1"]

1. d4 Nf6 2. c4 e6 3. Nf3 c5 4. d5 exd5 5. cxd5 d6 6. Nc3 g6 7. e4 Bg7 8. Nd2 0-0 9. Be2 b6 10. 0-0 Ba6 11. a4 Re8 12. Re1 Bxe2 13. Qxe2 a6 14. Nc4 Ra7 15. Bf4 Rd7 16. Qc2 Nh5 17. Bd2 Rb7 18. Qd3 Qd7 19. Na3 h6 20. Kh1 Nf6 21. h3 g5 22. f4 Nh7 23. Nc4 b5 24. Ne3 b4 25. Ncd1 gxf4 26. Nf5 Ng5 27. Nxg7 Kxg7 28. Bxf4 Qe7 29. e5 Nd7 30. Ne3 Nxe5 31. Nf5+ Kf8 32. Bxe5 Qxe5 33. Rxe5 Rxe5 34. Qxa6 1-0

[Event "BCF-chT 2122 (4NCL)"]
[Site "England"]
[Date "2022.02.13"]
[Round "4.83"]
[White "Ratnesan, Ranesh"]
[Black "Hill, Alistair"]
[Result "1-0"]
[WhiteElo "2258"]
[BlackElo "2236"]
[PlyCount "69"]
[EventDate "2021.11.27"]
[EventType "team-swiss"]
[EventRounds "11"]
[EventCountry "ENG"]
[SourceTitle "EXT 2023"]
[Source "ChessBase"]
[SourceDate "2022.10.05"]
[SourceVersion "1"]
[SourceVersionDate "2022.10.05"]
[SourceQuality "1"]
[WhiteTeam "KJCA Kings"]
[BlackTeam "Cambridge University"]
[WhiteTeamCountry "ENG"]
[BlackTeamCountry "ENG"]

1. d4 e6 2. c4 Nf6 3. Nc3 Bb4 4. Qc2 d6 5. a3 Bxc3+ 6. Qxc3 0-0 7. Bg5 c5 8. Nf3 h6 9. Bh4 b6 10. Rd1 Qe7 11. e3 Bb7 12. Be2 Nbd7 13. 0-0 e5 14. Qc2 Rfe8 15. d5 Nf8 16. Nd2 Ng6 17. Bxf6 Qxf6 18. Ne4 Qd8 19. f4 exf4 20. exf4 Qe7 21. Bd3 Qf8 22. Ng3 b5 23. cxb5 Nh4 24. Be4 g6 25. f5 Qg7 26. Qf2 Re5 27. Qf4 g5 28. Qg4 Rae8 29. f6 Qh8 30. Qd7 Bc8 31. Qxd6 Bg4 32. Rde1 Nf5 33. Bxf5 Rxe1 34. Bxg4 h5 35. Bd7 1-0